000 00775cab a2200253 4500
001 ABS51184
008 090401t1994 xxu||||| |||| 00| 0 eng d
035 _a(Sirsi) u14116
041 _aeng
100 _aWilliams, D.W.
245 _aClauses - within contracts or not?
260 _c1994
350 _a0
490 _aEstates Gazette
_v(9431) 6 August 1994, 59-62(4)
520 _aSummarises recent arbitration cases.
650 _aARBITRATION ACT 1950
650 _aARBITRATION ACT 1979
650 _aARBITRATORS' AWARDS
650 _aCOURTS AND LEGAL SERVICES ACT 1990
650 _aEXTENSIONS OF TIME
690 _aMANAGEMENT-DISPUTE AVOIDANCE, MANAGEMENT AND RESOLUTION-DISPUTE MANAGEMENT AND RESOLUTION-ARBITRATION
942 _n0
948 _c04/03/1997
999 _c9159
_d9159